00780 2200301 4500001002100000005001500021035002000036007000300056040001700059100002300076245004100099250001200140300003100152020002200183041000800205082001100213084001700224090002000241264003500261336002100296337003000317338002300347650001300370850001000383008004100393990002200434990002200456INLIS00000000000883320260518082049 a0010-1022000208ta aSBPUPADbind0 aSolihatePengarang1 aPotensi Maritim Indonesia /cSolihat a.-cet.1 a80 hlm. :billus. ;c25 cm a978-602-8725-84-2 aind a551.46 a551.46 SOL p a813 BAM a 24-10 a.--Bekasi :bNusa Agung,c2018 2rdacontentateks 2rdamediaatanpa perantara 2rdacarrieravolume 4aKelautan aPUPAD260518 0  a30.032/B/DPK/2018 a30.031/B/DPK/2018